| 000 | 00403nam a2200157Ia 4500 | ||
|---|---|---|---|
| 008 | 230917s9999||||xx |||||||||||||| ||und|| | ||
| 040 |
_e122499 _aMAIN |
||
| 041 | _aEnglish | ||
| 082 | _a515.353 S82P | ||
| 100 | _aStrauss, Walter A. | ||
| 245 | 0 | _aPartial Differential Equations: An Introduction | |
| 250 | _a2nd ed. | ||
| 260 |
_aNew Jersey _bJohn Wiley _c2008 |
||
| 300 | _a454p p. | ||
| 942 | _cBK | ||
| 999 |
_c142473 _d142473 |
||